Match the Country to their Web Domain: Europe - Statistics

General Stats
  • This quiz has been taken 4 times
  • The average score is 36 of 48
Answer Stats
Hint Explanation Answer % Correct
.al Albania Albania
100%
.ad Andorra Andorra
100%
.at Austria Austria
100%
.cy Cyprus Cyprus
100%
.cz Czechia Czechia
100%
.dk Denmark Denmark
100%
.eu European Union European Union
100%
.fi Finland Finland
100%
.fr France France
100%
.gr Greece Greece
100%
.hu Hungary Hungary
100%
.is Ísland Iceland
100%
.it Italy Italy
100%
.lu Luxembourg Luxembourg
100%
.nl Netherlands Netherlands
100%
.pl Poland Poland
100%
.ro Romania Romania
100%
.sm San Marino San Marino
100%
.ua Ukraine Ukraine
100%
.hr Hrvatska Croatia
75%
.ee Eesti Estonia
75%
.de Deutschland Germany
75%
.ie Ireland Ireland
75%
.lv Latvia Latvia
75%
.md Moldova Moldova
75%
.mc Monaco Monaco
75%
.me Montenegro Montenegro
75%
.pt Portugal Portugal
75%
.ru Russia Russia
75%
.sk Slovakia Slovakia
75%
.su Soviet Union Soviet Union
75%
.es España Spain
75%
.ch Confoederatio Helvetica Switzerland
75%
.tr Turkey Turkey
75%
.uk United Kingdom United Kingdom
75%
.va Vatican City Vatican City
75%
.by Byelorussia Belarus
50%
.be Belgium Belgium
50%
.ba Bosnia and Herzegovina Bosnia and Herzegovina
50%
.bg Bulgaria Bulgaria
50%
.li Liechtenstein Liechtenstein
50%
.mk Makedonija North Macedonia
50%
.no Norway Norway
50%
.sl Slovenia Slovenia
50%
.lt Lithuania Lithuania
25%
.mt Malta Malta
25%
.rs Republika Srbija Serbia
0%
.se Sweden Sweden
0%
No matching quizzes found
Score Distribution
Percent of People with Each Score
Percentile by Number Answered
Your Score History
You have not taken this quiz